000 00288nam a22001097a 4500
008 230620b xxu||||| |||| 00| 0 eng d
082 _a322.42
_bNDJ 1991
245 _aRevolution and Creation
260 _aKorea
_bForeign Languages Publishing House
_c1991
300 _a231p
942 _2ddc
_cBK
999 _c1749
_d1749